[Event "Torneo Interdepartamental 2019"]
[Site "Montevideo"]
[Date "2019.08.24"]
[Round "2.7"]
[White "Durante, Aurelio"]
[Black "Carbone, Diego"]
[Result "1/2-1/2"]
[WhiteElo "1958"]
[BlackElo "2237"]
[Annotator "ChessBase"]
[PlyCount "101"]
[EventDate "2019.08.23"]
[EventType "team-tourn"]
[EventCountry "URU"]
[SourceTitle "playchess.com"]
[Source "ChessBase"]
[SourceQuality "1"]
[TimeControl "5400+30"]

1. d4 {[%emt 0:02:42]} Nf6 {[%emt 0:00:00]} 2. Nf3 {[%emt 0:00:30]} g6 {[%emt 0:00:05]} 3. Bf4 {[%emt 0:00:23]} d6 {[%emt 0:04:29]} 4. e3 {[%emt 0:00:17]} Nh5 {[%emt 0:02:53]} 5. Bg5 {[%emt 0:00:40]} h6 {[%emt 0:00:07]} 6. Bh4 {[%emt 0:00:30]} g5 {[%emt 0:00:07]} 7. Bg3 {[%emt 0:00:17]} Bg7 {[%emt 0:01:38]} 8. Bc4 {[%emt 0:01:23]} e6 {[%emt 0:05:12]} 9. c3 {[%emt 0:02:14]} Nd7 {[%emt 0:04:20]} 10. Nbd2 {[%emt 0:06:00]} Qe7 {[%emt 0:05:04]} 11. Qe2 {[%emt 0:00:33]} d5 {[%emt 0:23:35]} 12. Bb3 {[%emt 0:01:49]} Nxg3 {[%emt 0:00:34]} 13. hxg3 {[%emt 0:00:04]} b6 {[%emt 0:11:04]} 14. e4 {[%emt 0:08:25]} Bb7 {[%emt 0:01:09]} 15. exd5 {[%emt 0:17:29]} Bxd5 {[%emt 0:10:05]} 16. Bxd5 {[%emt 0:11:32]} exd5 {[%emt 0:01:15]} 17. Qxe7+ {[%emt 0:00:22]} Kxe7 {[%emt 0:00:04]} 18. g4 {[%emt 0:00:11]} Nf6 {[%emt 0:06:05]} 19. Ne5 {[%emt 0:02:24]} h5 {[%emt 0:01:27]} 20. gxh5 {[%emt 0:12:04]} Nxh5 {[%emt 0:07:58]} 21. Ndf3 {[%emt 0:10:01]} Nf4 {[%emt 0:01:19]} 22. Kd2 {[%emt 0:06:18]} Nxg2 {[%emt 0:10:57]} 23. Nxg5 {[%emt 0:02:24]} Bxe5 {[%emt 0:01:02]} 24. dxe5 {[%emt 0:00:02]} Rag8 {[%emt 0:00:53]} 25. Rxh8 {[%emt 0:00:27]} Rxh8 {[%emt 0:00:01]} 26. Rg1 {[%emt 0:01:21]} Nh4 {[%emt 0:00:55]} 27. Kd3 {[%emt 0:05:24]} Nf5 {[%emt 0:00:36]} 28. Rg4 {[%emt 0:00:32]} Rg8 {[%emt 0:00:31]} 29. c4 {[%emt 0:01:11]} dxc4+ {[%emt 0:00:29]} 30. Kxc4 {[%emt 0:00:22]} a6 {[%emt 0:00:31]} 31. Kd5 {[%emt 0:00:34]} Kd7 {[%emt 0:00:32]} 32. Ke4 {[%emt 0:01:14]} Ne7 {[%emt 0:00:32]} 33. f4 {[%emt 0:00:23]} Rh8 {[%emt 0:00:30]} 34. Rg2 {[%emt 0:01:29]} Ke8 {[%emt 0:00:26]} 35. Rc2 {[%emt 0:00:37]} c6 {[%emt 0:00:26]} 36. a3 {[%emt 0:02:03]} Rh6 {[%emt 0:00:14]} 37. Nf3 {[%emt 0:00:33]} Kd7 {[%emt 0:00:26]} 38. f5 {[%emt 0:00:33]} Rh5 {[%emt 0:00:57]} 39. Rd2+ {[%emt 0:00:26]} Kc7 {[%emt 0:00:25]} 40. e6 {[%emt 0:00:38]} fxe6 {[%emt 0:00:35]} 41. fxe6 {[%emt 0:00:02]} Nd5 {[%emt 0:00:23]} 42. Rh2 {[%emt 0:01:34]} Nf6+ {[%emt 0:00:37]} 43. Kf4 {[%emt 0:00:30]} Kd6 {[%emt 0:00:24]} 44. Re2 {[%emt 0:01:24]} Nd5+ {[%emt 0:00:20]} 45. Kg4 {[%emt 0:00:22]} Nf6+ {[%emt 0:00:35]} 46. Kf4 {[%emt 0:00:15]} Nd5+ {[%emt 0:00:39]} 47. Kg4 {[%emt 0:00:06]} Nf6+ {[%emt 0:00:29]} 48. Kf4 {[%emt 0:00:10]} Nd5+ {[%emt 0:00:32]} 49. Kg4 {[%emt 0:00:38]} Nf6+ {[%emt 0:00:28]} 50. Kf4 {[%emt 0:00:07]} Nd5+ {[%emt 0:00:30]} 51. Ke4 {Ke5+} 1/2-1/2

[Event "Torneo Interdepartamental 2019"]
[Site "Montevideo"]
[Date "2019.08.24"]
[Round "2.8"]
[White "Suarez, Pedro"]
[Black "Arias Bouzada, Jorge"]
[Result "1/2-1/2"]
[WhiteElo "2040"]
[BlackElo "2088"]
[Annotator "NA"]
[PlyCount "77"]
[EventDate "2019.08.23"]
[EventType "team-tourn"]
[EventCountry "URU"]
[SourceTitle "playchess.com"]
[Source "ChessBase"]
[SourceQuality "1"]
[TimeControl "5400+30"]

1. d4 {[%emt 0:00:00]} c5 {[%emt 0:01:10]} 2. d5 {[%emt 0:00:00]} e5 {[%emt 0:00:14]} 3. e4 {[%emt 0:00:14]} d6 {[%emt 0:00:05]} 4. Nc3 {[%emt 0:00:09]} g6 {[%emt 0:00:05]} 5. Be2 {[%emt 0:00:29]} Bg7 {[%emt 0:00:05]} 6. Nf3 {[%emt 0:00:10]} a6 {[%emt 0:00:06]} 7. a4 {[%emt 0:00:04]} Ne7 {[%emt 0:00:04]} 8. Nd2 {[%emt 0:01:37] A44: Semi-Benoni} (8. O-O O-O 9. Nd2 f5 10. Nc4 f4 11. Bg4 h5 12. Be6+ Kh7 13. a5 Qc7 14. Nb6 Ra7 15. g4 Kh6 16. gxh5 gxh5 {1-0 (24) Aranha Filho,A (2304)-Cerda Albornoz,G (2195) Montevideo 2018}) 8... O-O {[%emt 0:00:24]} 9. Nc4 {[%emt 0:00:35]} Qc7 {[%emt 0:00:14]} 10. O-O {[%emt 0:00:38]} Nd7 {[%emt 0:00:28]} 11. Ra3 $146 {[%emt 0:07:55]} ({Predecessor:} 11. f4 f5 12. a5 b5 13. axb6 Nxb6 14. fxe5 Nxc4 15. Bxc4 Bxe5 {0-1 (33) Endean,A-Asilkefeli,M LSS email 2006}) 11... Rb8 {[%emt 0:06:12]} 12. Rb3 {[%emt 0:01:31]} f5 {[%emt 0:03:00]} 13. Bg5 {[%emt 0:16:23]} Rf7 {[%emt 0:24:00]} 14. Qd2 {[%emt 0:09:35]} Nf6 {[%emt 0:13:39]} 15. Bxf6 {[%emt 0:04:44]} Bxf6 {[%emt 0:01:33]} 16. f4 {[%emt 0:11:05]} Qd7 {[%emt 0:10:42]} 17. fxe5 {[%emt 0:00:51]} dxe5 {[%emt 0:00:18]} 18. Nb6 {[%emt 0:05:44]} Qd8 {[%emt 0:02:51]} 19. Bc4 {[%emt 0:08:20]} Qd6 {[%emt 0:01:38]} 20. Nxc8 {[%emt 0:00:41]} Nxc8 {[%emt 0:11:37]} 21. exf5 {[%emt 0:02:48]} gxf5 {[%emt 0:00:10]} 22. Rxf5 {[%emt 0:00:35]} Qd7 {[%emt 0:00:01]} 23. Rxf6 {[%emt 0:05:38]} Rxf6 $18 {[%emt 0:00:07]} 24. Ne4 {[%emt 0:00:30]} Rf4 {[%emt 0:00:36]} 25. Rg3+ {[%emt 0:00:36]} Kh8 {[%emt 0:00:25]} 26. Qxf4 {[%emt 0:04:47]} exf4 {[%emt 0:01:09]} 27. Rg8+ {[%emt 0:00:05]} Kxg8 {[%emt 0:00:24]} 28. Nf6+ {[%emt 0:00:05]} Kg7 {[%emt 0:00:20]} 29. Nxd7 {[%emt 0:00:05]} Ra8 {[%emt 0:00:06]} 30. Nxc5 {[%emt 0:00:10]} Nd6 {[%emt 0:00:07]} 31. Bd3 {[%emt 0:00:34]} Kf6 {[%emt 0:02:52]} 32. Kf2 {[%emt 0:02:44]} Rg8 {[%emt 0:06:32]} 33. Bxh7 {[%emt 0:04:39]} Rh8 {[%emt 0:00:10]} 34. Bd3 {[%emt 0:00:05]} Rxh2 {[%emt 0:00:03]} 35. Kf3 {[%emt 0:00:28]} Ke5 {[%emt 0:01:19]} 36. Ne6 {[%emt 0:00:54]} Kxd5 {[%emt 0:03:03]} 37. Nxf4+ {[%emt 0:00:04]} Ke5 {[%emt 0:00:16]} 38. b3 {[%emt 0:02:40]} Nf7 {[%emt 0:01:53]} 39. Ke3 {[%emt 0:01:04]} 1/2-1/2

[Event "Torneo Interdepartamental 2019"]
[Site "Montevideo"]
[Date "2019.08.24"]
[Round "2.9"]
[White "Ponce, Leonardo"]
[Black "Malan, Lucia"]
[Result "0-1"]
[WhiteElo "1690"]
[BlackElo "1831"]
[Annotator "NA"]
[PlyCount "112"]
[EventDate "2019.08.23"]
[EventType "team-tourn"]
[EventCountry "URU"]
[SourceTitle "playchess.com"]
[Source "ChessBase"]
[SourceQuality "1"]
[TimeControl "5400+30"]

1. d4 {[%emt 0:00:00]} d5 {[%emt 0:00:00]} 2. Bf4 {[%emt 0:00:21]} Nf6 {[%emt 0:00:17]} 3. e3 {[%emt 0:00:33]} Bf5 {[%emt 0:00:27]} 4. c4 {[%emt 0:02:05]} e6 {[%emt 0:01:11]} 5. Nc3 {[%emt 0:01:25]} (5. Nf3 Bxb1 6. Rxb1 Bb4+ 7. Ke2 dxc4 8. Qa4+ Nc6 9. Ne5 a5 10. Nxc6 Qd7 11. Rc1 Nd5 12. Rxc4 Nb6 13. Qc2 Nxc4 14. Nxb4 Nxb2 {1-0 (41) Nakamura,H (2769)-Giri,A (2782) Leuven 2018}) 5... Be7 {[%emt 0:02:00]} 6. Nf3 {[%emt 0:01:18] D00: 1 d4 d5: Unusual lines} O-O {[%emt 0:00:47]} 7. Rc1 {[%emt 0:03:28]} c5 $146 {[%emt 0:01:20]} ({Predecessor:} 7... c6 8. Be2 Nbd7 9. O-O h6 10. Bd3 Bxd3 11. Qxd3 Qa5 12. cxd5 Nxd5 13. Nxd5 exd5 {½-½ (31) Skytte,R (2412)-Chatalbashev,B (2547) Kolding 2016}) 8. dxc5 {[%emt 0:04:30]} dxc4 {[%emt 0:06:12]} 9. Bxc4 {[%emt 0:03:42]} Bxc5 {[%emt 0:01:02]} 10. O-O {[%emt 0:00:27]} Nc6 {[%emt 0:01:33]} 11. a3 {[%emt 0:02:08]} Rc8 {[%emt 0:03:42]} 12. Nh4 {[%emt 0:07:45]} Bg4 {[%emt 0:05:09]} 13. Qe1 {[%emt 0:01:58]} Nh5 {[%emt 0:05:36]} 14. Bg3 {[%emt 0:02:23]} Nxg3 {[%emt 0:02:59]} 15. hxg3 {[%emt 0:00:37]} Ne5 {[%emt 0:02:32]} 16. Be2 {[%emt 0:01:32]} Nd3 {[%emt 0:05:37]} 17. Bxd3 {[%emt 0:01:50]} Qxd3 {[%emt 0:00:06]} 18. Nf3 {[%emt 0:00:38]} Bxf3 {[%emt 0:07:13]} 19. gxf3 {[%emt 0:00:37]} Rfd8 {[%emt 0:00:46]} 20. Ne4 {[%emt 0:03:26]} Bb6 {[%emt 0:02:22]} 21. Kg2 {[%emt 0:06:55]} Rc2 {[%emt 0:03:10]} 22. Rxc2 {[%emt 0:04:27]} Qxc2 {[%emt 0:00:06]} 23. Qc3 {[%emt 0:05:07]} Qxc3 {[%emt 0:01:23]} 24. Nxc3 {[%emt 0:00:33]} Rd2 {[%emt 0:00:51]} 25. Nd1 {[%emt 0:08:32]} Bd8 {[%emt 0:01:57]} 26. f4 {[%emt 0:01:12]} Bf6 {[%emt 0:00:30]} 27. Nc3 {[%emt 0:01:16]} Rxb2 {[%emt 0:00:56]} 28. Ne4 {[%emt 0:00:26]} Ra2 {[%emt 0:01:51]} 29. Rc1 {[%emt 0:02:25]} h6 {[%emt 0:01:51]} 30. Rc8+ {[%emt 0:00:22]} Kh7 {[%emt 0:00:06]} 31. Rc7 {[%emt 0:00:02]} Kg6 {[%emt 0:01:00]} 32. Rxb7 {[%emt 0:00:24]} Rxa3 {[%emt 0:00:27]} 33. g4 {[%emt 0:00:34]} a5 {[%emt 0:04:10]} 34. Ra7 {[%emt 0:01:33]} Ra2 {[%emt 0:07:27]} 35. Kg3 {[%emt 0:04:05]} a4 $11 {[%emt 0:01:08]} 36. Nd6 {[%emt 0:00:38]} Ra1 {[%emt 0:02:42]} 37. Nxf7 {[%emt 0:00:51]} a3 {[%emt 0:01:33]} 38. Ne5+ {[%emt 0:00:36]} Kh7 {[%emt 0:02:33]} 39. Kf3 {[%emt 0:02:19]} Bh4 {[%emt 0:04:57]} 40. Ra6 {[%emt 0:01:48]} a2 {[%emt 0:01:58]} 41. Nd3 {[%emt 0:03:12]} Rd1 {[%emt 0:00:27]} 42. Rxa2 {[%emt 0:01:03]} Rxd3 {[%emt 0:00:06]} 43. Ra6 {[%emt 0:00:17]} e5 {[%emt 0:01:51]} 44. fxe5 {[%emt 0:00:49]} Rd2 {[%emt 0:00:05]} 45. e6 {[%emt 0:00:42]} Rxf2+ {[%emt 0:00:09]} 46. Ke4 {[%emt 0:00:14]} Rd2 {[%emt 0:02:18]} 47. Ra7 {[%emt 0:00:34]} Rd8 {[%emt 0:00:22]} 48. e7 {[%emt 0:00:43]} Re8 {[%emt 0:00:13]} 49. Kd5 {[%emt 0:00:53]} Rxe7 {[%emt 0:00:10]} 50. Rxe7 {[%emt 0:01:07]} Bxe7 {[%emt 0:00:06]} 51. Ke6 {[%emt 0:00:05]} Bc5 {[%emt 0:00:19]} 52. e4 {[%emt 0:00:08]} Kg6 {[%emt 0:00:08]} 53. Kd5 {[%emt 0:01:59]} Ba3 {[%emt 0:00:08]} 54. e5 {[%emt 0:00:23]} Kg5 {[%emt 0:00:07]} 55. Ke6 {[%emt 0:01:32]} Kxg4 {[%emt 0:00:44]} 56. Kf7 {[%emt 0:00:47]} h5 0-1

[Event "Torneo Interdepartamental 2019"]
[Site "Montevideo"]
[Date "2019.08.24"]
[Round "2.10"]
[White "Carvalho, Guillermo"]
[Black "Larrea, Osvaldo"]
[Result "1-0"]
[WhiteElo "2180"]
[BlackElo "1657"]
[Annotator "ChessBase"]
[PlyCount "67"]
[EventDate "2019.08.23"]
[EventType "team-tourn"]
[EventCountry "URU"]
[SourceTitle "playchess.com"]
[Source "ChessBase"]
[SourceQuality "1"]
[TimeControl "5400+30"]

1. d4 {[%emt 0:01:34]} f5 {[%emt 0:00:07]} 2. Nc3 {[%emt 0:00:21]} Nf6 3. Bg5 {[%emt 0:04:04]} e6 {[%emt 0:00:29]} 4. e4 {[%emt 0:03:08]} fxe4 {[%emt 0:01:49]} 5. Nxe4 {[%emt 0:00:22]} Be7 {[%emt 0:00:16]} 6. Bxf6 {[%emt 0:00:26]} Bxf6 {[%emt 0:00:17]} 7. Qh5+ {[%emt 0:01:07]} g6 {[%emt 0:02:18]} 8. Qh6 {[%emt 0:05:19]} Qe7 {[%emt 0:00:55]} 9. Nxf6+ {[%emt 0:05:15]} Qxf6 {[%emt 0:00:20]} 10. O-O-O {[%emt 0:02:46]} b6 {[%emt 0:02:30]} 11. h4 {[%emt 0:02:32]} Qf8 {[%emt 0:03:55]} 12. Qe3 {[%emt 0:01:36]} d5 {[%emt 0:03:05]} 13. h5 {[%emt 0:02:23]} Bd7 {[%emt 0:03:55]} 14. Bd3 {[%emt 0:06:28]} Kd8 {[%emt 0:09:37]} 15. hxg6 {[%emt 0:02:47]} hxg6 {[%emt 0:00:52]} 16. Nf3 {[%emt 0:01:25]} Nc6 {[%emt 0:02:40]} 17. Ba6 {[%emt 0:07:33]} Nb4 {[%emt 0:03:56]} 18. Qg5+ {[%emt 0:04:01]} Ke8 {[%emt 0:01:47]} 19. Qxg6+ {[%emt 0:07:08]} Ke7 {[%emt 0:02:32]} 20. Ne5 {[%emt 0:11:53]} Be8 {[%emt 0:07:04]} 21. Qg5+ {[%emt 0:06:02]} Kd6 {[%emt 0:00:46]} 22. Rxh8 {[%emt 0:01:09]} Qxh8 {[%emt 0:00:22]} 23. Qf4 {[%emt 0:03:29]} Ke7 {[%emt 0:00:30]} 24. Bd3 {[%emt 0:01:57]} Nxd3+ {[%emt 0:03:21]} 25. Nxd3 {[%emt 0:00:16]} Kd8 {[%emt 0:06:28]} 26. Re1 {[%emt 0:01:31]} Qg8 {[%emt 0:03:08]} 27. Qf6+ {[%emt 0:01:56]} Kd7 {[%emt 0:03:57]} 28. Nf4 {[%emt 0:00:22]} Bf7 {[%emt 0:00:50]} 29. Nxd5 {[%emt 0:01:32]} exd5 {[%emt 0:03:06]} 30. Re7+ {[%emt 0:00:09]} Kc8 {[%emt 0:01:03]} 31. Qxf7 {[%emt 0:03:21]} Qxf7 {[%emt 0:02:59]} 32. Rxf7 {[%emt 0:00:06]} Kb7 {[%emt 0:00:12]} 33. g4 {[%emt 0:00:40]} Rg8 {[%emt 0:00:33]} 34. f3 {[%emt 0:00:06]} 1-0

[Event "Torneo Interdepartamental 2019"]
[Site "Montevideo"]
[Date "2019.08.24"]
[Round "2.11"]
[White "De La Torre, Andres"]
[Black "Lanzilotta, Marcelo"]
[Result "0-1"]
[WhiteElo "1641"]
[BlackElo "1970"]
[Annotator "NA"]
[PlyCount "40"]
[EventDate "2019.08.23"]
[EventType "team-tourn"]
[EventCountry "URU"]
[SourceTitle "playchess.com"]
[Source "ChessBase"]
[SourceQuality "1"]
[TimeControl "5400+30"]

1. Nf3 {[%emt 0:00:42]} c5 {[%emt 0:01:32]} 2. g3 {[%emt 0:00:47]} Nc6 {[%emt 0:00:11]} 3. Bg2 {[%emt 0:00:12]} d5 {[%emt 0:00:09]} 4. d3 {[%emt 0:00:50]} e5 {[%emt 0:00:08]} 5. c3 {[%emt 0:01:03]} Nge7 {[%emt 0:00:18]} 6. Nbd2 {[%emt 0:02:24]} Ng6 {[%emt 0:00:09]} 7. e4 {[%emt 0:02:34]} d4 {[%emt 0:00:02]} 8. cxd4 {[%emt 0:00:52]} cxd4 {[%emt 0:00:02]} 9. Nc4 {[%emt 0:03:08]} h5 {[%emt 0:07:33]} 10. Qb3 {[%emt 0:07:51]} Be7 {[%emt 0:02:16]} 11. Qb5 {[%emt 0:07:20]} Bd7 {[%emt 0:02:47]} 12. Qd5 {[%emt 0:06:00]} Nb4 {[%emt 0:07:19]} 13. Nd6+ {[%emt 0:00:31]} Bxd6 {[%emt 0:00:02]} 14. Qxd6 {[%emt 0:00:09]} Nxd3+ {[%emt 0:01:09]} 15. Ke2 {[%emt 0:01:07]} Nxc1+ {[%emt 0:00:05]} 16. Kd2 {[%emt 0:01:32]} Nd3 {[%emt 0:00:24]} 17. Bf1 {[%emt 0:08:33]} Nxf2 {[%emt 0:02:15]} 18. Bd3 {[%emt 0:05:18]} Nxd3 {[%emt 0:00:21]} 19. Nxd4 exd4 20. Qxd4 {[%emt 0:09:22]} Nge5 {[%emt 0:00:56]} 0-1

[Event "Torneo Interdepartamental 2019"]
[Site "Montevideo"]
[Date "2019.08.24"]
[Round "3.1"]
[White "Curi, Gabriel"]
[Black "Coppola, Claudio"]
[Result "0-1"]
[WhiteElo "2195"]
[BlackElo "2252"]
[Annotator "TA"]
[PlyCount "102"]
[EventDate "2019.08.23"]
[EventType "team-tourn"]
[EventCountry "URU"]
[SourceTitle "playchess.com"]
[Source "ChessBase"]
[SourceQuality "1"]

{[%evp 9,102,54,63,60,63,69,68,64,64,62,71,32,35,102,79,48,38,13,19,-176,-46,-60,-60,-52,-54,-60,-41,-132,-132,-124,-114,-126,-114,-187,-197,-251,-239,-245,-254,-283,-302,-304,-321,-306,-294,-341,-337,-273,-204,-203,-223,-221,-209,-207,-199,-211,-147,-273,-286,-274,-284,-333,-331,-336,-247,-321,-326,-328,-333,-316,-305,-296,-283,-433,-417,-420,-401,-462,-439,-414,-419,-662,-662,-652,-463,-464,0,-652,-639,-764,-741,-755,-754,-716,-685]} 1. e4 b6 2. d4 Bb7 3. Bd3 g6 4. Nf3 Bg7 5. Nc3 e6 6. Be3 {B00: Queen's Fianchetto Defence, Nimzowitsch Defence} (6. O-O d6 7. a4 a6 8. d5 e5 9. Be3 Ne7 10. Ne2 a5 11. Bb5+ Nd7 12. Nd2 O-O {0-1 (27) Anand,V (2773)-Kamsky,G (2666) St Petersburg 2018}) 6... Ne7 7. Qd2 h6 8. O-O-O {White is slightly better.} d5 $146 ({Predecessor:} 8... d6 9. Rhe1 Nd7 10. Kb1 a6 11. Bf1 b5 12. a3 Nb6 {1-0 (53) Reinke,M (2209)-Wilczek,R (2168) Duesseldorf 2000}) 9. Bf4 g5 10. Be5 f6 $1 {[%cal Rf6e5]} 11. Bg3 dxe4 12. Bxe4 (12. Nxe4 {seems wilder.} f5 13. Nc3 f4 14. Bxf4 gxf4 15. Qxf4 Nbc6 16. d5) 12... Bxe4 13. Nxe4 f5 $1 {[%cal Rf5e4]} 14. Be5 $2 (14. Nc3 $1 $11 {and White has nothing to worry.}) 14... Bxe5 (14... fxe4 $19 15. Bxg7 Rg8) 15. dxe5 $15 Qxd2+ 16. Nexd2 Nbc6 17. Nb3 Kf7 18. h4 ({White should try} 18. Nbd4 $15) 18... g4 $17 19. Nfd4 Nxe5 20. Rhe1 Kf6 $1 21. f4 (21. Re2 $17 {keeps fighting.} Rhe8 22. Nb5) 21... gxf3 $1 $19 22. gxf3 (22. Nxf3 $142 Nxf3 23. gxf3) 22... N7g6 23. h5 Nf4 24. Re3 c5 25. Nxe6 Nc4 ({Weaker is} 25... Nxe6 26. Rde1 $17) 26. Nxf4 {Re6+ would kill now.} Nxe3 27. Re1 {[#]} Nc4 $1 28. Nd5+ Kf7 {Strongly threatening ...Rhe8.} 29. Re7+ Kf8 {Threatens to win with ...Rd8.} 30. Nd2 Nxd2 31. Kxd2 {[%mdl 4096] Endgame KRR-KRN} Rd8 32. Re5 Rh7 33. Ke3 (33. c4 $17) 33... Rf7 34. Nf4 {[#] Threatening Ne6+.} Rd1 $1 35. Ng6+ Kg7 36. Kf4 Rd2 37. Nh4 Rxc2 38. Nxf5+ Kf8 39. Re6 Rxb2 40. Rxh6 {[%cal Rh6h8]} Ke8 41. Rh8+ (41. a4 {is a better defense.}) 41... Rf8 42. Rh7 Rxa2 43. h6 {White wants to play Re7+.} Rf7 44. Rh8+ Kd7 45. Kg5 (45. Rb8 $142 Kc6 46. Rg8) 45... Rg2+ 46. Kf4 Rh2 {Hoping for ...Rh5.} 47. Kg5 Rg2+ (47... c4 $142 48. Ra8 Rg2+ 49. Kf4 Ra2) 48. Kf4 Rg6 {Black is clearly winning.} 49. h7 {aiming for Ra8.} Rh6 50. Ra8 Rhxh7 51. Ke5 Kc6 {Accuracy: White = 39%, Black = 66%.} 0-1

[Event "Torneo Interdepartamental 2019"]
[Site "Montevideo"]
[Date "2019.08.24"]
[Round "3.2"]
[White "Ibanez, Juan Rodrigo"]
[Black "El Ters, Antouan"]
[Result "0-1"]
[WhiteElo "2124"]
[BlackElo "2181"]
[Annotator "TA"]
[PlyCount "78"]
[EventDate "2019.08.23"]
[EventType "team-tourn"]
[EventCountry "URU"]
[SourceTitle "playchess.com"]
[Source "ChessBase"]
[SourceQuality "1"]

{[%evp 26,78,42,17,16,18,28,25,20,0,0,-1,0,0,0,0,0,-22,0,0,0,-18,-12,-87,-26,-83,-37,-100,-87,-93,-90,-87,-96,-117,-122,-127,-72,-60,-69,-73,-86,-91,-95,-133,-68,-64,-64,-272,-250,-260,-253,-342,-354,-395,-388]} 1. e4 e5 2. Nf3 Nc6 3. Bb5 a6 4. Ba4 Nf6 5. d3 ({Predecessor:} 5. O-O Be7 6. Re1 b5 7. Bb3 O-O 8. c3 d6 9. h3 Bb7 10. d4 Re8 11. Nbd2 Bf8 12. Bc2 g6 13. Nf1 exd4 14. cxd4 Nb4 15. Ng3 {½-½ (57) Lorenz,R (2309)-Thoma,O ICCF email 2000}) 5... d6 6. c3 Be7 7. h3 O-O 8. O-O b5 9. Bc2 Bb7 10. Re1 Re8 11. Nbd2 Bf8 12. Nf1 g6 13. Ng3 Bg7 14. d4 exd4 $146 {C92: Closed Ruy Lopez: 9...Be6, Karpov and Flohr-Zaitsev Variations} (14... h6 15. a3 Na5 16. a4 exd4 17. axb5 axb5 18. Nxd4 c6 19. b3 Nd7 20. Be3 h5 21. Nxh5 gxh5 22. Nf5 Bxc3 23. Nh6+ {1-0 (33) Gharamian,T (2624)-Grigoryan,K (2561) Lisbon 2017}) 15. cxd4 Nb4 16. Bb1 c5 {White has an edge.} 17. a3 Nc6 {White should prevent ...Nxd4.} 18. d5 $1 {[%cal Rd5c6]} Ne5 19. Nxe5 Rxe5 20. Bf4 Re8 21. Qd2 Qb6 22. Bh6 Bh8 23. Kh1 Nd7 24. f4 (24. Nf5 $11) 24... Qd8 (24... c4 $17 25. Ra2 Nc5) 25. Kh2 (25. Bg5 $11 {remains equal.} Qc7 26. Ne2) 25... Bd4 26. Bd3 {[#]} (26. Bg5 $15 f6 27. Bh6) 26... Nf6 $1 $17 {[%cal Rf6g4] White must now prevent ...Ng4+!} 27. Be2 Nxe4 28. Nxe4 Rxe4 29. Bf3 Rxe1 30. Rxe1 Bg7 (30... Qd7 $142 31. Qe2 a5) 31. Bxg7 Kxg7 32. Qc3+ Kg8 33. f5 Qg5 34. f6 Bxd5 (34... Rf8 $17 35. g4 Qf4+ 36. Kg2 {[#]} h5 $1 {[%mdl 512]} 37. gxh5 Bc8 38. hxg6 fxg6) 35. Bxd5 $15 Qxd5 36. Qc1 $2 (36. Qe3 $1 $15 Qe5+ 37. Qxe5 dxe5 38. Rxe5) 36... Qd4 37. Rf1 {Threatens to win with Qh6.} Qe5+ 38. Kg1 {Qh6 is the strong threat.} Re8 39. Kh1 {Hoping for Qh6.} Re6 {Accuracy: White = 43%, Black = 48%.} 0-1

[Event "Torneo Interdepartamental 2019"]
[Site "Montevideo"]
[Date "2019.08.24"]
[Round "3.3"]
[White "Granara Barreto, Sebastian"]
[Black "Moreira, Marcelo"]
[Result "1/2-1/2"]
[WhiteElo "2149"]
[BlackElo "2061"]
[Annotator "TA"]
[PlyCount "63"]
[EventDate "2019.08.23"]
[EventType "team-tourn"]
[EventCountry "URU"]
[SourceTitle "playchess.com"]
[Source "ChessBase"]
[SourceQuality "1"]

{[%evp 14,63,1,0,14,2,10,4,51,3,55,14,36,32,21,-1,46,6,7,-2,24,10,29,-15,10,0,0,0,0,-26,18,0,27,20,38,41,52,49,20,0,0,0,0,-18,-18,-20,-21,-61,-61,-61,-61,-34]} 1. c4 f5 2. g3 Nf6 3. Bg2 g6 4. b3 Bg7 5. Bb2 d6 6. d3 e5 7. Nf3 O-O 8. O-O Nbd7 {A04: Unusual lines after 1 Nf3 and King's Indian Attack} (8... c6 9. Nc3 Na6 10. a3 Nc7 11. b4 Ng4 12. Qb3 Kh8 13. a4 Be6 14. b5 d5 15. bxc6 bxc6 16. cxd5 cxd5 {1-0 (38) Pritchett,C (2315)-Rendle,T (2383) Daventry 2014}) 9. Qc2 Ne8 10. b4 $146 ({Predecessor:} 10. Nbd2 h6 11. b4 Nef6 12. c5 Re8 13. cxd6 cxd6 14. Rac1 Nb6 15. e3 Be6 16. a3 {½-½ (37) Domany,M (2195)-Szeberenyi,A (2130) Eger 1996}) 10... g5 {The position is equal.} 11. c5 g4 (11... a5 $11) 12. Nfd2 dxc5 13. bxc5 c6 14. d4 e4 15. e3 Ndf6 16. Nc3 {[%cal Bb1c3,Bc3e2,Be2f4][%mdl 32]} Be6 17. Ne2 Nc7 18. Nf4 Bf7 19. Nc4 Bxc4 20. Qxc4+ Nfd5 21. Bc3 Kh8 22. Rab1 Nxf4 23. gxf4 Qd5 24. Qxd5 Nxd5 25. Rfc1 b5 26. cxb6 axb6 {[%cal Ba7b6,Bb6b5][%mdl 32]} 27. Be1 Rf6 ({Reject} 27... Rxa2 $6 28. Rxc6 Rf6 29. Rc8+ Rf8 30. Rcc1 $16) 28. Rc2 Bf8 29. Bf1 b5 $1 30. Rbc1 Ba3 31. Rb1 Kg7 32. Be2 {Accuracy: White = 31%, Black = 45%.} 1/2-1/2

[Event "Torneo Interdepartamental 2019"]
[Site "Montevideo"]
[Date "2019.08.24"]
[Round "3.4"]
[White "Carbone, Diego"]
[Black "Carvalho, Guillermo"]
[Result "1/2-1/2"]
[WhiteElo "2237"]
[BlackElo "2180"]
[Annotator "TA"]
[PlyCount "33"]
[EventDate "2019.08.23"]
[EventType "team-tourn"]
[EventCountry "URU"]
[SourceTitle "playchess.com"]
[Source "ChessBase"]
[SourceQuality "1"]

{[%evp 12,33,41,50,76,74,119,48,40,-84,-46,-94,-11,-46,-56,-48,-61,-59,-56,-39,-48,-33,0,-7]} 1. d4 d5 2. c4 e6 3. Nf3 c5 4. cxd5 exd5 5. Nc3 Nc6 6. dxc5 d4 7. Na4 Bf5 {D32: Tarrasch Defence: Sidelines and lines without g3} (7... Bxc5 8. Nxc5 Qa5+ 9. Bd2 Qxc5 10. Rc1 Qe7 11. e3 Nf6 12. Be2 O-O 13. O-O Rd8 14. Nxd4 Nxd4 15. exd4 Rxd4 {½-½ (71) Jakovenko,D (2749)-Mamedov,R (2708) Ankara 2018}) 8. e3 d3 9. Qb3 (9. a3 $16) 9... Qd7 $14 {White is slightly better.} 10. Qb5 $146 (10. Bd2 $14 {keeps the upper hand.}) ({Predecessor:} 10. Nd4 Rd8 11. Nf3 Be6 12. Qd1 Nf6 13. Bd2 Ne4 14. b4 Be7 15. g3 {½-½ (25) Marjanovic,A (2193)-Borsos,B (2252) Heviz 2016}) 10... Nf6 11. Nc3 O-O-O {[%cal Ba8d8,Bd8d4,Bd4c4][%mdl 32]} (11... Rd8 $17 {And now ...a6 would win.} 12. b4 a6) 12. Nd4 a6 13. Qc4 Nxd4 14. exd4 Qxd4 15. Qxd4 Rxd4 16. Be3 Rc4 17. O-O-O 1/2-1/2